00834nam a2200253Ia 4500003000900000008004100009020001800050040001600068080001700084100002300101245005200124260005600176300001300232490002900245650001700274650002000291650002400311700002500335700002600360700002100386942000700407999001700414952014900431IN-BaIIA211028s9999 xx 000 0 eng d a0-87590-080-1 cIIA Library a523.942bMAG aTsurutani, Bruce T 0aMagnetic stormscBruce T Tsurutani….[et al.] aWashington, D. C.bAmerican Geophysical Unionc1997 ax, 266p. aGeophysics monograph; 98 aGeomagnetism aMagnetic storms aSoalr system925835 aArballo, J. K925836 aGonzalez, W. D925837 aKamide, Y915319 cBK c14540d14540 00104070aBANbBANcGENd2002-03-15eAGU g2478.00l2m14o523.942/ MAGp15462r2023-03-27s2023-03-27v2478.00w2002-03-15yBKGRs. 2478.00